000 00319nam a22001457a 4500
008 230906b ||||| |||| 00| 0 eng d
020 _a9789989730528
041 _aSHQIP
080 _a32
082 _a32ALI
100 _a35
101 _aSHP
245 _aQEVERISJA LOKALE
_cALIU.A & STAVILECI.E
942 _2udc
_cBK
999 _c60264
_d60264